[Event "MYA-ch 42nd"]
[Site "Yangon"]
[Date "2016.06.30"]
[Round "?"]
[White "Wynn, Zaw Htung"]
[Black "Phyo, Chit"]
[Result "1-0"]
[WhiteElo "2410"]
[BlackElo "2300"]
[PlyCount "91"]
[EventDate "2016.06.20"]
[EventType "tourn"]
[EventRounds "15"]
[EventCountry "MYA"]
[SourceTitle "EXT 2018"]
[Source "ChessBase"]
[SourceDate "2017.10.13"]
[SourceVersion "1"]
[SourceVersionDate "2017.10.13"]
[SourceQuality "1"]

1. Nf3 g6 2. c4 Bg7 3. Nc3 e5 4. g3 Ne7 5. Bg2 Nbc6 6. d3 d6 7. 0-0 0-0 8. Rb1 Nd4 9. Ne1 c6 10. b4 Bg4 11. h3 Bd7 12. b5 Qc7 13. Ba3 c5 14. Bc1 h6 15. Bd2 Kh7 16. a4 Rab8 17. a5 Qd8 18. Kh2 Be6 19. e3 Ndf5 20. Nf3 Ng8 21. Qc2 Nfe7 22. Ne4 Nc8 23. Bc3 f5 24. Ned2 Nf6 25. Rfe1 Ne7 26. Nb3 b6 27. axb6 axb6 28. Ra1 Qc7 29. Ra4 Rbe8 30. Qb2 Nc8 31. Kg1 Nd7 32. Nfd2 Re7 33. Ra8 Ref7 34. Qa1 g5 35. f4 Bf6 36. Nf3 Rg7 37. fxe5 dxe5 38. e4 g4 39. hxg4 Rxg4 40. exf5 Bxf5 41. Nxe5 Rxg3 42. Ra2 Bg7 43. Nxd7 Qxd7 44. Bxg7 Rxg7 45. Re3 Bh3 46. Rxh3 1-0

[Event "MYA-ch 42nd"]
[Site "Yangon"]
[Date "2016.06.29"]
[Round "?"]
[White "Win, Zaw"]
[Black "Phyo, Chit"]
[Result "1/2-1/2"]
[WhiteElo "1837"]
[BlackElo "2300"]
[PlyCount "130"]
[EventDate "2016.06.20"]
[EventType "tourn"]
[EventRounds "15"]
[EventCountry "MYA"]
[SourceTitle "EXT 2018"]
[Source "ChessBase"]
[SourceDate "2017.10.13"]
[SourceVersion "1"]
[SourceVersionDate "2017.10.13"]
[SourceQuality "1"]

1. e4 d6 2. d4 Nf6 3. Nc3 g6 4. f4 Bg7 5. Nf3 c5 6. e5 dxe5 7. dxe5 Qxd1+ 8. Kxd1 Ng4 9. Bb5+ Bd7 10. Bxd7+ Nxd7 11. Ke2 h5 12. h3 Nh6 13. Be3 0-0-0 14. Ne4 b6 15. a4 Kb7 16. a5 f6 17. axb6 axb6 18. e6 Nf8 19. Bxc5 f5 20. Bxe7 fxe4 21. Bxd8 exf3+ 22. Kxf3 Nxe6 23. Bh4 Nd4+ 24. Ke4 Nxc2 25. Rad1 Re8+ 26. Kd3 Rc8 27. Bf2 Bf6 28. Rd2 Nb4+ 29. Ke4 Rc4+ 30. Kf3 Nf5 31. g4 Ne7 32. Rhd1 Nec6 33. Rd7+ Ka6 34. R1d6 Be5 35. fxe5 Nxe5+ 36. Kg3 Nxd7 37. Rxd7 Nc6 38. Rd6 hxg4 39. hxg4 Ne5 40. Rxb6+ Ka5 41. Re6 Nxg4 42. Be1+ Kb5 43. Rxg6 Ne3 44. Kf3 Nd5 45. Rg5 Kc6 46. Rg6+ Kb5 47. Rg5 Kc6 48. Bg3 Rb4 49. Be5 Rb5 50. Ke4 Nb6 51. Rg6+ Kb7 52. Bd4 Nc4 53. Rg7+ Kc6 54. Rg6+ Kb7 55. Rg2 Nd6+ 56. Kd3 Rd5 57. Kc3 Nb5+ 58. Kc4 Rxd4+ 59. Kxb5 Rd7 60. b4 Rh7 61. Rg5 Rf7 62. Rg6 Rf5+ 63. Kc4 Rf7 64. Rd6 Rh7 65. Kc5 Rh5+ 1/2-1/2

[Event "Yangon op"]
[Site "Yangon"]
[Date "2015.11.26"]
[Round "8"]
[White "Zeyar"]
[Black "Phyo, Chit"]
[Result "0-1"]
[WhiteElo "2188"]
[BlackElo "2302"]
[PlyCount "46"]
[EventDate "2015.11.23"]
[EventType "swiss"]
[EventRounds "9"]
[EventCountry "MYA"]
[SourceTitle "CBM 169 Extra"]
[Source "ChessBase"]
[SourceDate "2015.12.18"]
[SourceVersion "1"]
[SourceVersionDate "2015.12.18"]
[SourceQuality "1"]

1. e4 d6 2. d4 Nf6 3. Nc3 g6 4. f4 Bg7 5. Nf3 c5 6. dxc5 Qa5 7. e5 Ne4 8. Bb5+ Bd7 9. Bd2 Nxd2 10. Bxd7+ Nxd7 11. Qxd2 dxe5 12. b4 Qxb4 13. Rb1 Qxc5 14. Rxb7 Qc6 15. Rb3 Nc5 16. fxe5 Nxb3 17. cxb3 Rd8 18. Qb2 Qc5 19. Ne2 0-0 20. b4 Qe3 21. Qc3 Rd3 22. Qc1 Qe4 23. Qf4 Re3 0-1

[Event "Yangon op"]
[Site "Yangon"]
[Date "2015.11.25"]
[Round "6"]
[White "Than, Win A"]
[Black "Phyo, Chit"]
[Result "0-1"]
[WhiteElo "2100"]
[BlackElo "2302"]
[PlyCount "86"]
[EventDate "2015.11.23"]
[EventType "swiss"]
[EventRounds "9"]
[EventCountry "MYA"]
[SourceTitle "CBM 169 Extra"]
[Source "ChessBase"]
[SourceDate "2015.12.18"]
[SourceVersion "1"]
[SourceVersionDate "2015.12.18"]
[SourceQuality "1"]

1. d4 c5 2. d5 Nf6 3. Nc3 g6 4. e4 d6 5. Be2 Bg7 6. Be3 Na6 7. Qd2 Rb8 8. Bh6 Bxh6 9. Qxh6 Qa5 10. Qd2 b5 11. Bf3 Nd7 12. Nd1 Qxd2+ 13. Kxd2 0-0 14. Ne3 Nc7 15. Be2 Kg7 16. f4 e6 17. dxe6 fxe6 18. Nh3 Nf6 19. Bf3 Bb7 20. Nf2 d5 21. exd5 exd5 22. Ned1 d4 23. Bxb7 Rxb7 24. Re1 Ncd5 25. g3 h5 26. Re5 Rd7 27. h4 c4 28. a3 Kf7 29. Nh3 Ng4 30. Ng5+ Kg8 31. Re6 Rf6 32. Re8+ Kg7 33. Re4 Nc7 34. Nf3 d3 35. c3 Ne6 36. Rb1 Nc5 37. Re8 Rf8 38. Rxf8 Re7 39. Ne5 Nxe5 40. fxe5 Kxf8 41. Ke3 Rxe5+ 42. Kd4 Rf5 43. Ne3 Nb3+ 0-1

[Event "Yangon Zaw Win Lay Memorial"]
[Site "Yangon"]
[Date "2014.11.25"]
[Round "4"]
[White "Phyo, Chit"]
[Black "Aye, Ko"]
[Result "1-0"]
[WhiteElo "2321"]
[BlackElo "1954"]
[PlyCount "73"]
[EventDate "2014.11.24"]
[EventType "swiss"]
[EventRounds "9"]
[EventCountry "MYA"]
[SourceTitle "EXT 2016"]
[Source "ChessBase"]
[SourceDate "2015.10.08"]
[SourceVersion "1"]
[SourceVersionDate "2015.10.08"]
[SourceQuality "1"]

1. e4 c5 2. Nf3 d6 3. c3 Nf6 4. Be2 g6 5. d3 Bg7 6. Qc2 0-0 7. Bg5 Nc6 8. Nbd2 Be6 9. 0-0 h6 10. Bh4 a6 11. d4 cxd4 12. cxd4 Rc8 13. Qd1 Bd7 14. d5 Nb8 15. Qb3 b5 16. Bg3 Nh5 17. Rfc1 Nxg3 18. hxg3 Qa5 19. Rab1 g5 20. Nf1 f5 21. Bd3 fxe4 22. Bxe4 Qb6 23. Ne3 g4 24. Nh4 Rxc1+ 25. Rxc1 Qd4 26. Qc2 Rc8 27. Qxc8+ Bxc8 28. Rxc8+ Kf7 29. Bg6+ Kf6 30. Rxb8 Qxb2 31. Nxg4+ Kg5 32. Ne3 Qa1+ 33. Kh2 h5 34. f4+ Kf6 35. Bxh5 e5 36. Rb7 exf4 37. gxf4 1-0

[Event "Yangon Zaw Win Lay Memorial"]
[Site "Yangon"]
[Date "2014.11.24"]
[Round "2"]
[White "Phyo, Chit"]
[Black "Maung, Maung Kyaw Zaw"]
[Result "1-0"]
[WhiteElo "2321"]
[BlackElo "1603"]
[PlyCount "85"]
[EventDate "2014.11.24"]
[EventType "swiss"]
[EventRounds "9"]
[EventCountry "MYA"]
[SourceTitle "EXT 2016"]
[Source "ChessBase"]
[SourceDate "2015.10.08"]
[SourceVersion "1"]
[SourceVersionDate "2015.10.08"]
[SourceQuality "1"]

1. e4 c6 2. d4 d5 3. e5 c5 4. c3 Nc6 5. Nf3 Bg4 6. Bb5 e6 7. 0-0 Nge7 8. Re1 Nf5 9. dxc5 Bxf3 10. Qxf3 Bxc5 11. Bd3 Nfe7 12. b4 Bb6 13. b5 Na5 14. Qg3 Ng6 15. Bg5 Qc7 16. h4 Nc4 17. Bxc4 Qxc4 18. h5 Nf8 19. a4 Nd7 20. Nd2 Qc7 21. Rac1 f6 22. Bf4 fxe5 23. h6 g6 24. Rxe5 0-0 25. Rf5 e5 26. Rxf8+ Rxf8 27. Be3 d4 28. Bg5 dxc3 29. Qxc3 Qxc3 30. Rxc3 Bxf2+ 31. Kh2 Nc5 32. Be7 Nxa4 33. Rc7 Bb6 34. Rxb7 Nc5 35. Bxc5 Bxc5 36. Ne4 Be3 37. Rg7+ Kh8 38. g3 Bxh6 39. Rxa7 Rb8 40. Nf6 Bg7 41. Nd7 Re8 42. b6 e4 43. b7 1-0

[Event "Vung Tau Dragon Capital op"]
[Site "Vung Tau"]
[Date "2008.08.31"]
[Round "8"]
[White "Goh, Wei Ming Kevin"]
[Black "Phyo, Chit"]
[Result "1-0"]
[WhiteElo "2403"]
[BlackElo "2500"]
[PlyCount "36"]
[EventDate "2008.08.27"]
[EventType "swiss"]
[EventRounds "9"]
[EventCountry "VIE"]
[SourceTitle "CBM 126 Extra"]
[Source "ChessBase"]
[SourceDate "2008.11.05"]
[SourceVersion "1"]
[SourceVersionDate "2008.11.05"]
[SourceQuality "1"]

1. e4 e6 2. d4 c5 3. Nf3 Nf6 4. e5 Nd5 5. c4 Nc7 6. dxc5 Bxc5 7. Nc3 f5 8. exf6 Qxf6 9. Bd3 0-0 10. 0-0 d5 11. Bg5 Qf7 12. Ne5 Qe8 13. Qc2 Qh5 14. h4 Rf5 15. Bxf5 exf5 16. Nxd5 Nxd5 17. cxd5 Na6 18. d6 h6 1-0

[Event "Vung Tau Dragon Capital op"]
[Site "Vung Tau"]
[Date "2008.08.30"]
[Round "6"]
[White "Nguyen, Quynh Anh"]
[Black "Phyo, Chit"]
[Result "1/2-1/2"]
[WhiteElo "2098"]
[BlackElo "2500"]
[PlyCount "91"]
[EventDate "2008.08.27"]
[EventType "swiss"]
[EventRounds "9"]
[EventCountry "VIE"]
[SourceTitle "CBM 126 Extra"]
[Source "ChessBase"]
[SourceDate "2008.11.05"]
[SourceVersion "1"]
[SourceVersionDate "2008.11.05"]
[SourceQuality "1"]

1. e4 e6 2. d4 c5 3. Nf3 d5 4. exd5 exd5 5. Bb5+ Nc6 6. 0-0 c4 7. Ne5 Nge7 8. Bg5 Qd6 9. Re1 Be6 10. Bf4 Qd8 11. Nd2 Qb6 12. Bxc6+ Nxc6 13. Ndf3 Be7 14. b3 cxb3 15. axb3 0-0 16. c4 Nxe5 17. Nxe5 Bf6 18. cxd5 Bxd5 19. Nd7 Qc6 20. Nxf8 Rxf8 21. f3 Qc3 22. Be5 Bg5 23. Rxa7 f6 24. Bg3 h5 25. Bf2 Bf4 26. Re7 Qc8 27. Ra5 Qd8 28. Rxd5 Qxd5 29. Re4 Bd6 30. Qc2 Kh8 31. Qc4 Qf5 32. Qe6 Qxe6 33. Rxe6 Rd8 34. h4 Kg8 35. Kf1 Kf7 36. Re3 Ra8 37. Rd3 Ke6 38. d5+ Kf5 39. Rc3 Ra5 40. Rd3 Ra1+ 41. Ke2 Ra2+ 42. Kf1 Ra1+ 43. Ke2 Ra2+ 44. Kf1 Ra1+ 45. Ke2 Ra2+ 46. Kf1 1/2-1/2